| 000 | 00559nam a2200205 a 4500 | ||
|---|---|---|---|
| 001 | 441 | ||
| 003 | CDMR | ||
| 005 | 20131209132036.0 | ||
| 008 | 130130s ||||||||||||||||||||||||||||d | ||
| 040 |
_aCDMR _bcat _cCDMR |
||
| 100 | 1 |
_aJolley, John Lionel _9315 |
|
| 245 | 1 | 0 |
_aCiencia de la información _cJ.L. Jolley |
| 246 | _aData study | ||
| 260 |
_a1967 _bGuadarrama _cMadrid |
||
| 300 |
_a253 p. _bil. |
||
| 490 | 0 |
_aBiblioteca para el Hombre Actual _v31 |
|
| 650 | 0 | 4 |
_92194 _aInformació, Teoria de la |
| 650 | 0 | 4 |
_94471 _aDades _xTransmissió |
| 942 |
_cMON _2udc |
||
| 999 |
_c441 _d441 |
||